Loading...
| Current Events | 2 | 25.00 | 100% | 100% | 50% |
| Fine Arts - Auditory Fine Arts | 4 | 22.50 | 100% | 100% | 25% |
| Fine Arts - Other Fine Arts | 11 | 17.27 | 100% | 46% | 27% |
| Fine Arts - Visual Fine Arts | 5 | 16.00 | 80% | 80% | 0% |
| Geography | 4 | 17.50 | 100% | 75% | 0% |
| History - American History | 7 | 14.29 | 86% | 57% | 0% |
| History - European History | 6 | 20.00 | 100% | 67% | 33% |
| History - Other History | 4 | 22.50 | 100% | 75% | 50% |
| History - World History | 5 | 24.00 | 100% | 80% | 60% |
| Literature - American Literature | 3 | 23.33 | 100% | 100% | 33% |
| Literature - British Literature | 6 | 21.67 | 100% | 67% | 50% |
| Literature - European Literature | 6 | 21.67 | 100% | 67% | 50% |
| Literature - World Literature | 5 | 20.00 | 100% | 80% | 20% |
| Mythology | 2 | 20.00 | 100% | 50% | 50% |
| Other Academic | 1 | 30.00 | 100% | 100% | 100% |
| Philosophy | 5 | 16.00 | 80% | 60% | 20% |
| Religion | 5 | 20.00 | 100% | 80% | 20% |
| Science - Biology | 5 | 20.00 | 100% | 60% | 40% |
| Science - Chemistry | 5 | 12.00 | 80% | 20% | 20% |
| Science - Other Science | 6 | 20.00 | 100% | 67% | 33% |
| Science - Physics | 7 | 24.29 | 100% | 71% | 71% |
| Social Science | 4 | 10.00 | 100% | 0% | 0% |